| 000 | 00555nam a2200193 a 4500 | ||
|---|---|---|---|
| 001 | 3328 | ||
| 003 | CDMR | ||
| 005 | 20131010113335.0 | ||
| 008 | 130130s1993||||||||||||||||||||||||||||d | ||
| 020 | _a8487265464 | ||
| 040 |
_aCDMR _bcat _cCDMR |
||
| 100 | 1 |
_aPastor, Ricardo _92405 |
|
| 245 | 1 | 0 |
_aRecuerdos de un periodista intruso _cRicardo Pastor ; prólogo Angel Sánchez |
| 260 |
_aBarcelona _c1993 _bParsifal |
||
| 300 |
_a224 p ; _c21 cm |
||
| 650 | 0 | 4 |
_aPeriodistes catalans _93139 _vBiografia |
| 700 | 1 |
_aSánchez, Ángel _epr. _92406 |
|
| 942 |
_cMON _2udc |
||
| 999 |
_c3328 _d3328 |
||